Politické vzdelávanie mladých ľudí ako predpoklad demokratického vládnutia
Rozlíšenie medzi propagandou a vzdelávaním. Charakteristika politického vzdelávania. Ako politicky vzdelávať mládež na Slovensku.
Gespeichert in:
| 1. Verfasser: | |
|---|---|
| Format: | Buchkapitel |
| Sprache: | Slowakisch |
| Schlagworte: | |
| Tags: |
Keine Tags, Fügen Sie das erste Tag hinzu!
|
MARC
| LEADER | 00000naa a2200000 4500 | ||
|---|---|---|---|
| 001 | 0213628 | ||
| 005 | 20240502073550.9 | ||
| 041 | 0 | |a slo | |
| 044 | |a SK | ||
| 245 | 1 | 0 | |a Politické vzdelávanie mladých ľudí ako predpoklad demokratického vládnutia |c Radoslav Štefančík |
| 520 | |a Rozlíšenie medzi propagandou a vzdelávaním. Charakteristika politického vzdelávania. Ako politicky vzdelávať mládež na Slovensku. | ||
| 610 | 2 | 0 | |a vzdelávanie |
| 610 | 2 | 0 | |a výchova |
| 610 | 2 | 0 | |a propaganda |
| 610 | 2 | 0 | |a kritika |
| 610 | 2 | 0 | |a diskusia |
| 610 | 2 | 0 | |a mládež |
| 610 | 2 | 0 | |a vláda |
| 610 | 2 | 0 | |a politika |
| 610 | 2 | 0 | |a demokracia |
| 610 | 2 | 0 | |a školy základné |
| 610 | 2 | 0 | |a školy stredné |
| 610 | 2 | 0 | |a školy vysoké |
| 100 | 1 | |a Štefančík, Radoslav, 1976- | |